000 01163nam a22003257a 4500
003 DO-SdBPM
005 20250702115334.0
007 ta
008 171120b 1984 sp |00| 0 spa d
020 _a8420614556
040 _aDO-SdBPM
_bspa
_cBPMSU
_erda
082 4 _a823
_bC319a 1984
_222
100 1 _aCarroll, Lewis
_d1832-1898,
_eautor
245 1 0 _aAlicia a través del espejo /
_cLewis Carroll ; ilustraciones de John Tenniel ; traducción Jaime de Ojeda
260 _c
264 _aMadrid.
_bAlianza Editorial,
_c1984
300 _a220 páginas . ;
_c18 cm.
336 _atexto
_btxt
_2rdacontent
337 _asin mediación
_bn
_2rdamedia
338 _avolumen
_bnc
_2rdacarrier
490 0 _aEl libro de bolsillo;
_aLiteratura,
_v455
534 _aTítulo original :
_tAlice s adventures in wonderland. trough the looking glass and what Alice found there.
590 _aInventariado, 2025/VM
650 7 _aCuentos juveniles ingleses
650 7 _aLiteratura juvenil inglesa
700 1 _aTenniel, John,
_eilustraciones
700 1 _aOjeda Jaime de
_etraductor
910 _a VMateo V. Control de calidad. BPMSU
942 _2ddc
_cBK
999 _c15244
_d15244